000 00589nam a2200205Ia 4500
005 20250923145749.0
008 008 250917s9999 xx 000 0 eng d
037 _aTextual
040 _aDSWL
_beng
_cDSWL
041 _aeng
_2eng
084 _aY:45151.251, N87
_qDSWL
100 _aVeeraraghavan, V.
_9838722
245 0 _aRape and victims of rape
_cby V.Veeraraghavan
260 _aNew Delhi
_bNorthern Book Center
_c1987
300 _avii,126p.
365 _aINR
_b100.00
925 _g100.00
942 _cTEXL
_hY:45151.251, N87
999 _c1455390
_d1455390